000 00329nam a22001337a 4500
008 170322b xxu||||| |||| 00| 0 eng d
020 _a080891278x
041 _aeng
080 _a616.12-008-073
100 _a7
101 _ashm
245 _aSURGERY FOR THE COMPLICATIONS OF MYOCARDIAL INFARCTION
_cMORAN, J.M
942 _2udc
_cBK
999 _c8307
_d8307